| 000 | 00677nam a2200181Ia 4500 | ||
|---|---|---|---|
| 008 | 151018s9999 xx 000 0 und d | ||
| 082 |
_bRBASDV11694 _a891.463 |
||
| 100 | _aविजय तरवडे | ||
| 245 | _aसारे प्रवासी सौंदर्य तिमिराचे | ||
| 250 | _b1 | ||
| 260 |
_bतरवडे _c1977 |
||
| 300 | _a71 | ||
| 600 | _aविजय तरवडे | ||
| 630 | _aसारे प्रवासी सौंदर्य तिमिराचे | ||
| 700 | _aविजय तरवडे | ||
| 730 | _aसारे प्रवासी सौंदर्य तिमिराचे | ||
| 942 | _cBOOK | ||
| 999 |
_c1014036 _d1014033 |
||